00752cam a2200205Mc 450000500170000000800410001702000180005804000560007604100080013224500890014026000670022930000520029649000340034850000210038265000220040365000220042565100330044770000270048070000390050720140903175022.0090929s2000 xxuad frn 001 0 eng d a9780199244171 aCo-BoUCMbspacJavier GarzóndAldemar Mondragón0 aeng00aElections and democracy in greater Chinaceditado por Larry Diamond y Ramon H. Myers aNew York (Estados Unidos)bOxford University Pressc2000g2004 aviii, 200 páginasbilustraciones y gráficas0 aStudies on contemporary China aIncluye índice 7aDemocraciazChina 7aEleccioneszChina 4aChinaxpolítica y gobierno1 aDiamond, Larryeeditor1 aMyers, Ramon Hawleyd1929-eeditor